Euroopan vilkkaimmat lentoasemat - Statistics

Yleistilastot
  • Tätä visaa on pelattu 883 kertaa
  • Keskiarvotulos 34 / 50
Vastaustilastot
# Kaupunki % Oikein
15,3 milj. Helsinki
98%
40,9 milj. Lontoo (Gatwick)
97%
79,2 milj. Lontoo (Heathrow)
97%
16,2 milj. Lontoo (Luton)
97%
28,0 milj. Lontoo (Stansted)
97%
21,8 milj. Tukholma
95%
60,2 milj. Madrid
94%
67,4 milj. Pariisi (Charles de Gaulle)
94%
32,3 milj. Pariisi (Orly)
94%
25,1 milj. Oslo
92%
40,5 milj. Rooma
91%
23,1 milj. Berliini
90%
49,9 milj. Barcelona
87%
61,9 milj. Amsterdam
83%
26,8 milj. Kööpenhamina
83%
26,1 milj. Milano (Malpensa)
83%
16,0 milj. Milano (Orio al Serio)
83%
19,9 milj. Moskova (Domodedovo)
83%
36,6 milj. Moskova (Šeremetjevo)
83%
14,5 milj. Moskova (Vnukovo)
83%
28,2 milj. Ateena
81%
18,5 milj. Varsova
79%
22,2 milj. Bryssel
77%
33,5 milj. Dublin
76%
59,4 milj. Frankfurt
76%
33,6 milj. Lissabon
76%
29,5 milj. Wien
76%
37,0 milj. München
74%
20,4 milj. Pietari
69%
76,2 milj. Istanbul
67%
13,8 milj. Praha
66%
14,7 milj. Budapest
64%
28,1 milj. Manchester
62%
14,6 milj. Bukarest
58%
10,7 milj. Marseille
53%
12,4 milj. Napoli
53%
28,9 milj. Zürich
53%
13,6 milj. Hampuri
52%
10,0 milj. Lyon
51%
14,2 milj. Nizza
43%
22,3 milj. Málaga
42%
14,4 milj. Edinburgh
38%
10,8 milj. Venetsia
37%
15,2 milj. Porto
36%
11,3 milj. Birmingham
34%
19,1 milj. Düsseldorf
28%
16,5 milj. Geneve
28%
31,1 milj. Palma de Mallorca
25%
15,7 milj. Alicante
14%
10,7 milj. Catania
6%
Ehtoja vastaavia visoja ei löytynyt
Tulosjakauma
Jokaisen tuloksen saaneiden osuus
Persentiili vastausten määrän mukaan
Tuloshistoriasi
Et ole pelannut tätä visaa